000 00538nam a2200205 4500
999 _c32900
_d32900
003 OSt
005 20220630121231.0
008 180913b xxu||||| |||| 00| 0 spa d
020 _a84-7339-728-2
040 _cBiblioteca Ernesto Sábato
092 _a330.937
_bM386
100 _aMartino, Francesco de
245 _aHistoria económica de la Roma Antigua
260 _aMadrid
_bAkal
_c1985
300 _a2 v
500 _aLa Biblioteca posee sólo v.2
650 _aROMA-ECONOMÍA
650 _aROMA-HISTORIA
942 _2ddc
_cBDGR